LEADER 00971nam a2200253 4500 001 000000346440 003 CaOOAMICUS 005 20210607103930.0 008 210607s1983 it a 000 u ita r 040 $aSeMil$bita 245 00$aTutta Verona :$b85 fotocolor /$ctesti di Giovanna Magi. 250 $aRist. 1983 264 3$aFirenze :$bBonechi,$c1983. 300 $a62 p. :$bill. ;$c25 cm 490 1 $aItalia artistica ;$v19 500 $aIn allegato carta topografica 650 4$aVerona - Guide.$0(OLS)http://semarc/subject/25713 700 1 $aMagi, Giovanna.$0(OLS)http://semarc/name/114049 830 0$aItalia artistica ;$v19.$0(OLS)http://semarc/title/178 850 $aSeMil 852 $aSeMil$W1$xVenegono$y1$m4Y IV 243$j227186$B237508$CSeMilBibl$Z2$F237508 $81 996 $6245$aTutta Verona :$b85 fotocolor$9(OLS)http://semarc/title/435631 996 $6264$aFirenze :$bBonechi$9(OLS)http://semarc/publisher/37976 LEADER 01149nam a2200277 i 4500 001 000000076941 003 CaOOAMICUS 005 20220525145622.0 008 010706s2000 it u000 u ita u 013 $a48113 020 $a88-315-2060-1 040 $aSeMil$bita 100 1 $aLorenzin, Tiziano,$c.$0(OLS)http://semarc/name/89585 245 12$aI Salmi /$ca cura di Tiziano Lorenzin. 264 1$aMilano :$bPaoline,$c2000. 300 $a634 p. ;$c24 cm. 490 1 $aI libri biblici. Primo Testamento ;$v14 [i.e. 20] 650 4$aBibbia. Antico Testamento. Salmi - Commentari, studi, critica, interpretazioni.$0(OLS)http://semarc/subject/289 830 2$aI libri biblici. Primo Testamento ;$v14 [i.e. 20].$0(OLS)http://semarc/title/5823 850 $aSeMil 852 $aSeMil$W1$xVenegono$y1$m2XA I 20$j232924$B43093$CSeMilBibl$Z2$F43106 $81 961 $aSottoscrizione: Cittą Nuova (Agente) 996 $6020$a88-315-2060-1$9(OLS)http://semarc/number/58233 996 $6245$aI Salmi$9(OLS)http://semarc/title/2598 996 $6264$aMilano :$bPaoline$9(OLS)http://semarc/publisher/29684